New English file : Elementary : Teacher's book
"New English file" gets students talking, and that gives you the support you need, and all the components work together for more effective learning.
Đã lưu trong:
| Tác giả của công ty: | |
|---|---|
| Định dạng: | Sách |
| Ngôn ngữ: | Undetermined |
| Được phát hành: |
Oxford
Oxford University Press
2004
|
| Những chủ đề: | |
| Các nhãn: |
Thêm thẻ
Không có thẻ, Là người đầu tiên thẻ bản ghi này!
|
| Thư viện lưu trữ: | Trung tâm Học liệu Trường Đại học Cần Thơ |
|---|
| LEADER | 00711nam a2200217Ia 4500 | ||
|---|---|---|---|
| 001 | CTU_123989 | ||
| 008 | 210402s9999 xx 000 0 und d | ||
| 020 | |c 232000 | ||
| 082 | |a 428.24 | ||
| 082 | |b N532et | ||
| 110 | |a Oxenden, Clive | ||
| 245 | 0 | |a New English file : | |
| 245 | 0 | |b Elementary : Teacher's book | |
| 245 | 0 | |c Clive Oxenden ... [et al.] | |
| 260 | |a Oxford | ||
| 260 | |b Oxford University Press | ||
| 260 | |c 2004 | ||
| 520 | |a "New English file" gets students talking, and that gives you the support you need, and all the components work together for more effective learning. | ||
| 650 | |a English language | ||
| 904 | |i Năm | ||
| 980 | |a Trung tâm Học liệu Trường Đại học Cần Thơ | ||